000 00839nam a22002057a 4500
999 _c11833
_d11833
003 AR-CdUCM
008 190405b ||||| |||| 00| 0 spa d
040 _aMUNICIPALIDAD PROVINCIAL DEL CUSCO
_cBIBLIOTECA MUNICIPAL DEL CUSCO
082 _22ed.
_a100 /
_bG71 / 1876
100 _aGonzales, Zeferino
_929396
245 _aFilosofía elemental /
260 _aMadrid :
_bImprenta de Policarpo Lopez,
_c1876.
300 _a646 paginas ;
_c21 cm.
505 _aContenido : t.2 : Idea general de la metafísica, su nombre su origen del mismo -- Objeto, división y nombres de la metafísica -- Del ente y sus divisiones -- El acto y la potencia -- La esencia y la existencia...
650 _aFilosofía
_9395
650 _aExistencia de Dios
_929397
650 _aEsencia divina
_929398
942 _2ddc
_cLIBROS
945 _awnts
_d2019-04-05